Who is Barack Obama?
As the world now knows, Barack Obama has made history as our first African-American president. With black-and-white illustrations throughout, this biography is perfect for primary graders looking for a longer, fuller life story than is found in the author?s bestselling beginning reader Barack Obama:...
সংরক্ষণ করুন:
| প্রধান লেখক: | |
|---|---|
| বিন্যাস: | গ্রন্থ |
| ভাষা: | Undetermined |
| প্রকাশিত: |
New York
Grosset & Dunlap
2010
|
| বিষয়গুলি: | |
| ট্যাগগুলো: |
ট্যাগ যুক্ত করুন
কোনো ট্যাগ নেই, প্রথমজন হিসাবে ট্যাগ করুন!
|
| Thư viện lưu trữ: | Trung tâm Học liệu Trường Đại học Cần Thơ |
|---|
| LEADER | 00955nam a2200229Ia 4500 | ||
|---|---|---|---|
| 001 | CTU_207907 | ||
| 008 | 210402s9999 xx 000 0 und d | ||
| 020 | |c 4.71 | ||
| 082 | |a 973.932092 | ||
| 082 | |b E26 | ||
| 100 | |a Edwards, Roberta | ||
| 245 | 0 | |a Who is Barack Obama? | |
| 245 | 0 | |c Roberta Edwards ; illustrated by John O'Brien | |
| 260 | |a New York | ||
| 260 | |b Grosset & Dunlap | ||
| 260 | |c 2010 | ||
| 520 | |a As the world now knows, Barack Obama has made history as our first African-American president. With black-and-white illustrations throughout, this biography is perfect for primary graders looking for a longer, fuller life story than is found in the author?s bestselling beginning reader Barack Obama: United States President. | ||
| 650 | |a Presidents,Tổng thống | ||
| 650 | |x Biography,Tiểu sử | ||
| 650 | |z United States,Hoa Kỳ | ||
| 904 | |i Hải | ||
| 980 | |a Trung tâm Học liệu Trường Đại học Cần Thơ | ||